| 000 | 00366pab a2200157 454500 | ||
|---|---|---|---|
| 008 | 180718b2010 xxu||||| |||| 00| 0 eng d | ||
| 100 | _aPadel, Felix | ||
| 245 | _aMining and movements - causes of tribal militancy | ||
| 260 | _c2010 | ||
| 300 | _ap.221-38. | ||
| 362 | _aJul-Sep | ||
| 650 | _aMining | ||
| 773 | _aSocial Action | ||
| 908 | _aN | ||
| 909 | _a87190 | ||
| 999 |
_c87190 _d87190 |
||